000 00534nam a2200193Ia 4500
001 12948
003 IN-NITTTR
005 20251114233121.0
008 251113s9999||||xx |||||||||||||| ||eng||
040 _beng
040 _cIN-NITTTR
041 _aeng
082 _a371.102 S39E
100 _aSalzberger-Sitterberg, Isca
245 4 _aThe emotional experience of learning and teaching /
_cSalzberger-Sitterberg, Isca, Henry, Gianna, Obborne, Elsie
700 _a Henry, Gianna
700 _a Obborne, Elsie
942 _2ddc
_cBK
999 _c15584
_d15584